|
|
|
|
| LEADER |
01136nam a2200253 a 4500 |
| 001 |
22225 |
| 003 |
BD-DhAAL |
| 008 |
110328s19951994maua b 001 0 eng d |
| 010 |
|
|
|a 93005662
|
| 020 |
|
|
|a 0201530821
|
| 040 |
|
|
|a DLC
|c DLC
|d DLC
|c BD-DhAAL
|
| 082 |
0 |
0 |
|a 511.3
|2 20
|
| 100 |
1 |
|
|a Papadimitriou, Christos H.
|9 2289
|
| 245 |
1 |
0 |
|a Computational complexity /
|c Christos H. Papadimitriou.
|
| 260 |
|
|
|a Reading, Mass. :
|b Addison-Wesley,
|c c1994 [reprinted 1995].
|
| 300 |
|
|
|a xv, 523 pages :
|b illustrations ;
|c 25 cm
|
| 504 |
|
|
|a Includes bibliographical references and index.
|
| 541 |
1 |
|
|e 22225
|
| 650 |
|
0 |
|a Computational complexity.
|
| 852 |
4 |
|
|a Ayesha Abed Library
|c General Stacks
|
| 942 |
|
|
|2 ddc
|c BK
|
| 999 |
|
|
|c 10611
|d 10611
|
| 952 |
|
|
|0 0
|1 0
|2 ddc
|4 0
|6 511_300000000000000_PAP
|7 0
|9 15941
|a BRACUL
|b BRACUL
|c GEN
|d 2011-03-31
|e Parama Publishers
|g 7752.00
|l 2
|m 22
|o 511.3 PAP
|p 3010022225
|r 2025-03-06
|s 2025-02-20
|t 1
|w 2011-03-31
|y BK
|
| 952 |
|
|
|0 0
|1 0
|2 ddc
|4 0
|6 511_300000000000000_PAP
|7 0
|9 19051
|a BRACUL
|b BRACUL
|c GEN
|d 2012-01-03
|e Parama Publishers and Distributors
|g 8151.00
|l 2
|m 28
|o 511.3 PAP
|p 3010024164
|r 2025-02-19
|s 2024-05-30
|t 2
|w 2012-01-03
|y BK
|